00309 a2200109 450000500170000002000180001708200150003510000170005024500640006726000330013130000350016420250711085455.0 a9987-9041-1-4 a657.48 MAE aMAEDA, S. J. a Management Accounting Guide: Business Finance Consultants. aDar es Salaam,bNBAA,c2013. axii, 401p.: ill.; figurec23cm